Ekonomicko-manažérske spektrum

Guardado en:
Detalles Bibliográficos
Formato: Seriadas
Lenguaje:eslovaco
inglés
Publicado: Žilina Žilinská univerzita v Žiline
Materias:
Etiquetas: Agregar Etiqueta
Sin Etiquetas, Sea el primero en etiquetar este registro!

MARC

LEADER 00000nls a2200000 4500
001 0236602
005 20260204142843.6
022 |a 2585-7258 
022 |a 1337-0839 
041 0 |a slo 
041 0 |a eng 
044 |a SK 
245 1 0 |a Ekonomicko-manažérske spektrum 
264 1 |a Žilina  |b Žilinská univerzita v Žiline 
500 |a Do r. 2018 vychádzal s podnázvom: vedecký časopis Fakulty prevádzky a ekonomiky dopravy spojov Žilinskej univerzity v Žiline 
610 2 0 |a veda ekonomická 
610 2 0 |a riadenie podnikové 
610 2 0 |a financie podnikové 
610 2 0 |a marketing manažment 
610 2 0 |a inovácia 
610 2 0 |a logistika 
610 2 0 |a kontroling